| 000 | 00000nam##2200000za#4500 |
| 001 | 9.643153 |
| 003 | CaOODSP |
| 005 | 20250506145323 |
| 007 | cr ||||||||||| |
| 008 | 150407|1989||||xxc|||||o f|0| 0 fre|d |
| 040 | |aCaOODSP|bfre |
| 043 | |an-cn--- |
| 086 | 1 |aA63-1820/1989F-PDF |
| 110 | 1 |aCanada.|bAgriculture Canada. |
| 245 | 10|aL'élevage des chèvres / |h[ressource électronique]|célaboré par la Société canadienne des éleveurs de caprins et publié par Agriculture Canada; rédigé et illustré par Sara Emond, technicienne en élevage caprin, pour le ministère de l'Agriculture de l'Alberta. |
| 260 | |bAgriculture Canada |c1989. |
| 300 | |a68p.|bfigures, ill., tableaux |
| 500 | |aPublication historique numérisée par Agriculture et Agroalimentaire Canada. |
| 590 | |a14-11-Supp|b2014-05-21 |
| 691 | 07|aBétail|2gcpds |
| 691 | 07|aÉlevage|2gcpds |
| 710 | 2 |aSociété canadienne des caprins. |
| 775 | 08|tGoats and their management / |w(CaOODSP)9.699185 |
| 856 | 40|ahttp://publications.gc.ca|qPDF|s4.6 Mo|uhttps://publications.gc.ca/collections/collection_2014/aac-aafc/agrhist/A63-1820-1989-fra.pdf |
| 986 | |a1820/F |